| 000 | 01680cam a2200241 a 4500 | ||
|---|---|---|---|
| 003 | OSt | ||
| 005 | 20240530110418.0 | ||
| 008 | 061018s2006 ua af f 001 0 eng d | ||
| 020 | _a9789774248955 | ||
| 040 |
_aEG-CaGPL _cEG-CaGPL |
||
| 082 | 0 | 4 |
_221 _a932.03 _bCC/Z M |
| 100 | 0 | _a Zahi Hawass. | |
| 245 | 1 | 0 |
_aMountains of the pharaohs : _bthe untold story of the pyramid builders / _cZahi Hawass. |
| 250 | _a1st ed. | ||
| 260 |
_aCairo : _bThe American University in Cairo Press, _cc2006. |
||
| 300 |
_a213 p. : _bcol. ill. ; _c24 cm. |
||
| 504 | _aIncludes bibliographical references (p. [199]-205) and index. | ||
| 505 | 0 | _apt. 1: The dawn of the 4th Dynasty. The reign of Sneferu -- Sneferu at Meidum -- Dahshur : Sneferu and the cult of the sun -- The court of Sneferu -- The king is dead -- pt. 2: The reign of the sun god. The early reign of Khufu -- Revolution in year five -- Ruthless monarch or great scientist? -- Khufu's court -- The completion of the Great Pyramid and the death of Khufu -- pt. 3: The heirs of Khufu. Battles stir within the royal family : Djedefre at Abu Rawash -- The conspiracies of Khafre -- The pyramid complex of Khafre -- The court of Khafre -- The death of Khafre -- Menkaure ascends the throne -- pt. 4: The pyramid builders at Giza. The pyramid builders of Giza -- The lives of the pyramid builders -- pt. 5: The end of an era. Shepseskaf, the good son -- The rising of the sons of Re : the reign of Khentkawes and the dawn of the 5th Dynasty -- The abandonment of Giza. | |
| 650 | 0 | _aPyramids of Giza (Egypt) | |
| 651 | 0 |
_aEgypt _xHistory _yOld Kingdom, ca. 2686-ca. 2181 B.C. |
|
| 942 |
_2ddc _cBK |
||
| 999 |
_c60598 _d60598 |
||